00242nam a2200097Ia 4500008004100000100001600041245004100057260002200098942000700120999001700127190216s9999||||xx |||||||||||||| ||und|| aPrakasham R 0aVyavasaya Banda Padanam Orumughavura bKerala Basha Inst cBK c37721d37721